La enseñanza viva de la lenguas por el metodo directo progresivo
Guardat en:
| Autor principal: | |
|---|---|
| Format: | Llibre |
| Idioma: | espanyol |
| Publicat: |
Ciudad de México
Universitaria
1953
|
| Matèries: | |
| Etiquetes: |
Afegir etiqueta
Sense etiquetes, Sigues el primer a etiquetar aquest registre!
|
MARC
| LEADER | 00000nam a2200000 a 4500 | ||
|---|---|---|---|
| 001 | UCI0074 | ||
| 003 | CL-VaPUC | ||
| 008 | 070420e19530000MX |||||||||||||||||spa|d | ||
| 082 | 0 | 4 | |a 407 |b BEN |2 21 |
| 100 | 0 | |a Bénédict, Gastón |e author |9 520162 | |
| 245 | 1 | 3 | |a La enseñanza viva de la lenguas por el metodo directo progresivo |
| 300 | |a 63 p | ||
| 942 | |c BK | ||
| 945 | |d 20070420 00:00:00 |a jtorresc | ||
| 260 | |a Ciudad de México |b Universitaria |c 1953 | ||
| 650 | 7 | |a IDIOMAS |2 CL-VaPUC |9 520163 | |
| 650 | 0 | |a Estudio y enseñanza |9 270395 | |
| 583 | |a last modification |c 20130304 02:27:19 |k Rodrigo Vera | ||
| 999 | |c 325365 |d 325363 | ||
| 952 | |0 0 |1 0 |4 0 |6 407_000000000000000_BEN_1953 |7 0 |8 A |9 406119 |a FDOPOS |b FDOPOS |d 2019-11-22 |i 427511K |o 407 BEN 1953 |p 427511K |r 2025-01-22 |w 2019-11-22 |y BK |k MLA | ||